[Event "email op 15-002 MAPEJK (Sternik,R)"]
[Site "?"]
[Date "2006.??.??"]
[Round "?"]
[White "Sternik, Ryszard POL"]
[Black "Hurd, Dave RPA"]
[Result "1-0"]
[WhiteElo "1800"]
[BlackElo "1950"]
[PlyCount "37"]

1. e4 e5 2. f4 exf4 3. Nf3 g5 4. h4 g4 5. Ne5 d6 (5... h5 6. Bc4 Rh7 7. d4 f3
8. gxf3 d6 9. Nd3 Nc6 10. Bg5 Be7 11. Bxe7 Qxe7 12. Bb5 Bd7 13. Bxc6 Bxc6 14.
Nc3 f5 15. d5 Bd7 16. Qd2 O-O-O 17. O-O-O gxf3 18. Rde1 fxe4 19. Nxe4 Qf8 20.
Ng5 Rh6 21. Nf4 Re8 22. Nfe6 Bxe6 23. dxe6 f2 24. Ref1 Rf6 25. Rh2 Qe7 {
Bangiew,A-Uzunow,A, Ukraina ch 1986 (remis-33)}) 6. Nxg4 f5 (6... Nf6 7. Nf2 $6
(7. Nxf6+ Qxf6 8. Nc3 Nc6 (8... c6 9. Qf3 Rg8 10. Qf2 Bg4 11. d3 Bh6 12. Ne2
Nd7 13. Nxf4 O-O-O 14. g3 Qe5 15. Bg2 f5 16. O-O fxe4 {
Nunn,J-Timman,J, Amsterdam 1995})) 7... Rg8 $1 8. d4 Bh6 9. Nc3 Nc6 10. Nd5 $2
(10. Bb5 Rxg2 11. Bxf4 Ng4 12. Bxh6 $8 Nxf2 13. Qf3 Nxh1 14. O-O-O $1 Rg6 15.
Rf1 $44) 10... Nxd5 11. exd5 Qe7+ $1 $146 12. Be2 $8 Nb4 13. c4 Bf5 $1 14. Qa4+
Kf8 15. Qxb4 Re8 16. Qd2 Rxg2 17. Kf1 $8 Rg3 18. Qd1 Be4 19. Rh2 f5 20. Nxe4
fxe4 21. Bg4 e3 $1 22. Bf3 Qg7 23. Rh1 Rg2 $1 {
0:1 - Fiedorow,A-Szirow,A, Rubinstein mem 2000}) 7. Nf2 Nf6 (7... Ne7 8. Qh5+
Ng6 9. exf5 Qe7+ 10. Be2 f3 11. Qxf3 Ne5 12. Qh5+ Qf7 13. Qxf7+ Nxf7 14. g4 Bd7
15. Nc3 Nc6 16. b3 O-O-O 17. Bb2 Rg8 18. Nd5 a5 19. O-O-O Nb4 20. Nf6 Bxf5 21.
Nxg8 Bxc2 22. Rde1 Re8 23. a3 {
1:0 - Perez,Jose M, dunne,O, email IECC Swiss 1999}) 8. d3 (8. Nc3 fxe4 9.
Ncxe4 Bf5 10. Qe2 Nxe4 11. Nxe4 Bxe4 12. Qxe4+ Qe7 13. Qxe7+ Bxe7 14. d4 Rf8
15. Bd3 Rf7 16. Bd2 Nc6 17. c3 O-O-O 18. O-O-O h6 19. Rdf1 Rdf8 20. Rf2 d5 21.
Bg6 Rf6 22. h5 Bd6 23. Rhf1 Ne7 24. Bc2 Ng8 {
Byrne,R-Levin,J, Pittsburgh, op 1946 (remis-33)}) 8... Qe7 9. Bxf4 fxe4 10.
dxe4 Nxe4 11. Bb5+ (11. Qh5+ Kd8 12. Qf3 Nxf2+ 13. Kxf2 Bg7 14. c3 (14. Bg5
Bd4+ 15. Kg3 Rg8 16. Qd5 Rxg5+ 17. Qxg5 Qxg5+ 18. hxg5 Bxb2 $19) 14... Rf8 15.
Nd2 Be5 16. g3 Nc6 $15) 11... Nc6 $2 (11... Nd7 12. O-O Nxf2 13. Qh5+ Qf7 14.
Qxf7+ Kxf7 15. Rxf2 $14) 12. O-O Nxf2 $2 (12... Nf6 13. Nc3 Bg7 14. Nd5 Nxd5
15. Qxd5 $16) 13. Rxf2 Kd7 $4 {
wyglada na to, ze moj partner wpadl w panike- partii juz nic nie uratuje} (
13... Qg7 14. Re2+ Be7 15. Bxc6+ bxc6 16. Bg5 $18 {tez wygrywa}) 14. Bg5 Qe6
15. Rf6 Qe5 16. Qg4+ Ke8 17. Qh5+ Kd7 18. Rf7+ Ke6 19. Rf3 {
Tu specjalnie sobie nie pogralem - 7,5 z 14} 1-0

[Event "email op 15.001 MAPEJK"]
[Site "?"]
[Date "2006.??.??"]
[Round "?"]
[White "Sternik, Ryszard POL"]
[Black "Pech, Jaroslav CZE"]
[Result "1-0"]
[WhiteElo "1800"]
[BlackElo "2090"]
[Annotator "Ryszard,Sternik"]
[PlyCount "55"]

{To jeszcze stary turniej, przed wypisaniem sie. Po wycofaniu sie dzialacza, w
2009 przejal Pech Jaroslav. Bardzo serdecznie mnie zapraszal na nowe turnieje.
} 1. e4 Nf6 2. e5 Nd5 3. Nc3 e6 4. Nf3 d6 5. d4 dxe5 (5... Nxc3 6. bxc3 Nc6 7.
Bd3 $6 (7. Bb5 $1 dxe5 8. Nxe5 Bd7 9. Nxd7 Qxd7 10. O-O Be7 11. Qg4 O-O 12. Bh6
Bf6 13. Rad1 $16 {Bagirow}) 7... dxe5 8. dxe5 b6 $5 9. Qe2 $6 Bb7 10. O-O Qd5
$1 11. Be4 $2 Nd4 $3 12. cxd4 Qxe4 13. Be3 Be7 14. Rfd1 O-O 15. Ne1 c5 $1 16.
f3 Qc6 17. c3 Rac8 $6 (17... Qa4 $1) 18. Rdc1 Qa4 $1 19. Nd3 Rfd8 20. Nf2 cxd4
21. Bxd4 $8 Qc4 $1 {Sobolewski,L-Pribyl,J, Erfurt 2001 (0:1-41)}) 6. Nxe5 Nxc3
7. bxc3 Nd7 8. Bf4 Nxe5 (8... a6 $6 9. Bd3 c5 10. O-O Nf6 11. Re1 Be7 12. a4 $6
(12. Rb1 $1) 12... O-O 13. a5 Nd5 14. Bd2 Bf6 $6 (14... cxd4 15. cxd4 Nb4 16.
Bf1 $16) 15. Qf3 cxd4 16. cxd4 Bxe5 17. dxe5 Bd7 18. Qe4 g6 19. Qg4 Bc6 20. Bg5
Qc7 21. c4 Ne7 22. Bf6 {1:0 - Franzen,T-Schepper,E, corr 8/9 Cup ICCF V175 1990
}) 9. Bxe5 f6 (9... Qd5 10. Qd3 c5 11. Be2 cxd4 12. cxd4 Qxg2 13. Bf3 Qg6 14.
Be4 $14) 10. Bg3 Qd5 11. Qd3 c6 (11... c5 {mimo wszystko, chyba silniejsze})
12. a4 Be7 13. h3 ({mozliwe bylo tez} 13. a5 O-O 14. c4 Qd8 15. c5 e5 16. dxe5
Be6 17. Qxd8 Raxd8 18. Rb1 {z rowna gra}) 13... O-O 14. Be2 Bd7 $6 {
[%emt 0:00:00]} (14... e5 15. dxe5 Qa5 16. Qc4+ Kh8 17. O-O fxe5 18. Bd3 {
z rowna gra}) 15. Bf3 Qg5 (15... Qa5 {troche lepsze} 16. O-O Rad8 17. Qc4 $14)
16. O-O Rad8 $2 (16... Qa5 17. Rfe1 Rad8 18. Rab1 b6 19. Qc4 Kh8 20. Bxc6 Rc8
21. Rb5 $16) 17. a5 f5 $6 (17... e5 {chyba lepsze} 18. Rab1 Bc8 19. a6 b6 20.
Bxc6 Rd6 21. Bb5 {ale i tak przewage maja biale}) 18. Bc7 Rc8 19. Be5 Bf6 20.
Bd6 Rfd8 21. Rfb1 b5 $6 {chyba proba jakiegos kontrataku i skomplikowania gry}
(21... Be8 22. Bc5 Rd7 23. Qe2 $16) 22. axb6 axb6 23. Rxb6 Be8 24. Qa6 Qd2 25.
Qa3 f4 26. Bg4 Bf7 27. Qc5 Bh4 28. Rf1 {na 10 partii z tym szachista, to moja
druga wygrana. Tabela nie do odtworzenia - przepadla.  Sytuacja:  1.Svajdler  
11 z 14  2.Sternik       9,5 z 14  3.Pecka         9,5 z 12 (z dwoma slabymi) 
4.Martins       9 z 13  (z Jordaan)  5.Jordaan      8 z 11 (zalegle z Martins,
Pech, Majstr                                  6.Pech           8 z  13 (z
Jordaan)  7.Majstr         7 z 10 (z Jordaan, Martins i slabym)  Sytuacja
skomplikowana.} 1-0

[Event "email op-15-001 MAPEJK"]
[Site "?"]
[Date "2006.??.??"]
[Round "?"]
[White "Sternik, Ryszard POL"]
[Black "Merighi, Ernesto BRS"]
[Result "1-0"]
[WhiteElo "1800"]
[BlackElo "1833"]
[PlyCount "51"]

1. e4 e5 2. f4 exf4 3. Nf3 d6 4. d4 g5 5. h4 g4 6. Ng1 f3 (6... Bh6 7. Nc3 c6
8. Nge2 Qf6 9. g3 f3 10. Nf4 Nd7 $1 (10... Ne7 $2 11. e5 dxe5 12. Ne4 $18) 11.
Be3 Qe7 12. Qd2 Nb6 $5 13. O-O-O Bd7 14. e5 $5 d5 $5 15. Nfxd5 cxd5 16. Bxh6
Nxh6 17. Qxh6 Qe6 (17... O-O-O 18. Nb5 Bxb5 19. Bxb5 Qe6 20. Qf4 h5 21. Bd3 $16
) 18. Qxe6+ fxe6 19. h5 $5 O-O-O 20. Rd2 Rdg8 21. Nd1 Rg5 {
Bangiew,A-Weissleder,W, corr ch 38 Europa 1985 (0:1-44)}) 7. Bg5 fxg2 (7... Be7
8. Qd2 f2+ 9. Kxf2 Bxg5 10. hxg5 h5 11. Nc3 Nd7 12. Bd3 Nf8 13. Re1 Ne6 14. e5
d5 15. Nge2 Nxg5 16. Nxd5 Nh3+ 17. gxh3 Qxd5 18. Qe3 Ne7 19. Nc3 Qa5 20. Ne4
Nd5 21. Qg5 Qb6 22. Qg7 Qxd4+ 23. Kf1 Rf8 24. Nf6+ Ke7 25. Re4 Qc5 26. b4 Qc6
27. Qg5 Nxf6 28. exf6+ Kd8 29. Bb5 Qd6 30. Ke2 {
1:0 - Suchinina,A-Inglis,RA, corr ol w 2 1976-81}) 8. Bxg2 Be7 9. Qd2 h5 (9...
h6 10. Bxe7 Nxe7 11. Nc3 c6 12. O-O-O Na6 13. Nge2 Ng6 14. Qe1 h5 15. Qf2 Qe7
16. Rdf1 Rh7 17. Nf4 Nxf4 18. Qxf4 Bd7 19. Ne2 Nc7 20. Ng3 Ne6 21. Qf5 Nf8 22.
Qa5 Qd8 23. Qb4 Qc7 24. e5 d5 25. Kb1 Qb6 26. Qxb6 axb6 27. c3 {
remis - Leisebein,P-Hergert,V, corr 1992}) 10. Nc3 (10. Bxe7 Nxe7 11. Nc3 Ng6
12. Qf2 c6 13. Nge2 b5 14. Nf4 Qf6 15. Nxg6 Qxf2+ 16. Kxf2 fxg6 17. e5 dxe5 18.
Nxb5 O-O+ 19. Kg3 a6 20. Nd6 exd4 21. Rad1 Ra7 22. Rxd4 Re7 23. Re4 Rxe4 24.
Bxe4 Bd7 {Gundersen,H-Huuskonen,V, corr Nordic 3 Cup b5 1997 (remis-42)}) 10...
Bxg5 11. hxg5 h4 12. O-O-O c6 (12... h3 13. Nge2 Ne7 14. Nf4 Nbc6 15. Ncd5 Nxd5
16. Nxd5 Ne7 17. Qc3 Nxd5 18. exd5 Qxg5+ 19. Kb1 Bf5 20. Qxc7 O-O {
0:1 - Van de Wieden,E-Compagnone,G, email TGT ICCF 1998}) 13. e5 d5 $15 14. Bf1
{slabe} (14. Rf1 Ne7 15. Rf6 Ng6 16. Nge2 Be6 17. Nf4 Nxf4 18. Qxf4 $15) 14...
Ne7 (14... Rh5 $1 15. Bd3 Qxg5 16. Qxg5 Rxg5 17. Rxh4 f6 18. Re1 fxe5 19. Rxe5+
Rxe5 20. dxe5 Ne7 $15) 15. Bd3 Na6 16. a3 {slabe} (16. Kb1 Nb4 17. Nb5 cxb5 18.
Qxb4 Nc6 19. Qd2 $15) 16... Nc7 17. Nge2 Ne6 18. Rdg1 Nf8 19. Rf1 $6 (19. Nf4
Nfg6 20. Nxg6 Nxg6 21. Be2 g3 22. Bd3 Qe7 $11) 19... b5 $5 {niby posuniecie
dobre wedlug programu, ale od tego posuniecia zaczynaja sie klopoty. Wlasna
glowa musi tu popracowac} (19... Neg6 20. Rf6 Be6 21. Nf4 Nxf4 22. Qxf4 Qe7 $11
) 20. Rf6 b4 $6 (20... a5 21. Bxb5 $1 Ne6 22. Ba4 Bd7 23. Rhf1 g3 24. Rh6 Ng6
$11) (20... Be6 21. Rh6 Rxh6 22. gxh6 Neg6 23. Nf4 Nxf4 24. Qxf4 h3 25. Nd1 $11
) 21. axb4 a5 $2 (21... Be6 22. Rh6 Rxh6 23. gxh6 Neg6 24. Nf4 Qe7 25. b5 Nxf4
26. Qxf4 Ng6 27. Qe3 $16) (21... Nfg6 22. Nf4 Qc7 23. Nxg6 fxg6 24. Qf2 g3 25.
Rxh4 gxf2 (25... Rg8 26. Qxg3 {tez z latwa wygrana}) 26. Rxh8+ Kd7 27. Na4 Qb8
28. Nc5+ Kc7 29. Rf7 {i biale wygrywaja}) 22. b5 Be6 $4 (22... a4 23. bxc6 a3
24. bxa3 Rxa3 25. Nb5 Ra1+ 26. Kb2 Rxh1 27. c7 Qd7 28. Nd6+ {
i mozna zlozyc bron}) 23. bxc6 Rc8 $2 {czarne pogubily sie} (23... Nxc6) 24.
Nf4 Rxc6 25. Rh6 Rxh6 26. gxh6 {Mialem 9,5 z 14 - +7  =5  -2  1.Svajdler,F    
11  2.Pecka,J            9,5 z 12  3.Sternik,R          9,5  4.Martins,Karin  
9   z 13  5.Pech,J               8  z 13    6.Jordaan,W         8  z 11} 1-0

[Event "emailT9e-31 Niemcy (Sternik,R)"]
[Site "?"]
[Date "2006.??.??"]
[Round "?"]
[White "Sternik, Ryszard POL"]
[Black "Lane, Michael USA"]
[Result "1-0"]
[WhiteElo "1876"]
[BlackElo "1861"]
[Annotator ",L"]
[PlyCount "43"]

1. e4 e5 2. f4 exf4 3. Nf3 g5 4. h4 g4 5. Ne5 Nf6 6. Bc4 d5 7. exd5 Bd6 8. d4
Qe7 (8... O-O 9. O-O (9. Bxf4 Nh5 10. g3 Nxf4 $146 11. gxf4 Qe7 12. Nc3 f6 13.
Qe2 {biale wyszly z debiutu z pionem wiecej i teraz moga spokojnie poswiecic
Skoczka, bo wziecie figury byloby dla czarnych skrajnie niebezpieczne} Re8 14.
O-O-O Kh8 15. Ne4 Bf5 16. Ng5 fxg5 $2 17. hxg5 Kg8 18. Bd3 Qf8 19. Rdg1 Nd7 20.
Rxg4 $1 {juz nie ma ratunku dla czarnych} Bxe5 21. fxe5 Bxg4 22. Bxh7+ {
1:0 - Krzyzanowski,A-Mos,A, corr 7 Smok Wawelski 2001}) 9... Nh5 {glowny warian
t Gambitu Krolewskiego, ktory byl bardzo popularny w XIX wieku i zostal
wyparty przez Hiszpanska, ktora znowuz ostatnio przechodzi kryzys. Wiec...
moze Gambit Krolewski?} 10. Nxg4 Qxh4 11. Nh2 {
ten wariant uwazany byl za lepszy dla bialych, ale ta partia zmienila te ocene}
Ng3 $1 12. Re1 Bf5 $1 13. Nd2 Nd7 14. Ndf3 Qh5 15. Be2 Rae8 16. c4 Re4 $1 17.
Bd2 Rfe8 18. Bd3 Rxe1+ 19. Bxe1 Bxd3 20. Qxd3 Ne2+ 21. Kf1 Re3 $1 $17 {
De la Villa-Rodriguez,Am, 1991 - Krzyzanowski,A}) 9. Bxf4 Nh5 10. g3 f6 11. Qe2
{tu Fritz 8 pokazuje przewage czarnych 1.06} Rf8 $6 (11... fxe5 12. dxe5 Nxf4
13. gxf4 Bc5 14. Nc3 Bb4 15. Qe3 $17) 12. Bb5+ (12. Nd2 fxe5 13. dxe5 Nxf4 14.
gxf4 Bb4 15. c3 Bc5 16. O-O-O Rxf4 17. Rhf1 Rxf1 18. Rxf1 Qxh4 19. Ne4 Bf8 20.
Bb5+ {1:0 - Evans,G-Sandehn,K, WC.2004 0003 2002}) 12... Kd8 13. Nd2 a6 14. Bd3
fxe5 15. dxe5 Nxf4 16. gxf4 Bc5 17. Ne4 $6 (17. O-O-O Rxf4 18. e6 c6 19. Ne4
Bb6 20. c4 h5 $11) 17... Rxf4 18. e6 Bd4 (18... Bb4+ 19. c3 Bd6 20. O-O-O Be5
$11) 19. O-O-O c6 $6 (19... Bg7 20. h5 Bh6 21. Kb1 c6 22. c4 b5 23. Rhg1 $14)
20. Bc4 Qg7 21. c3 Be5 22. d6 {partner wycofal sie.} (22. d6 Bxe6 23. Bxe6 Rxe4
24. Qxe4 Qh6+ 25. Rd2 Qxe6 26. d7 {i biale latwo wygrywaja.  Zakonczylem
turniej: 4,5 z 8.   Turniej zostal przerwany.}) 1-0

[Event "email CLD-6 (Sternik,R)"]
[Site "?"]
[Date "2008.??.??"]
[Round "?"]
[White "Sternik, Ryszard POL"]
[Black "Leitao, Rafael BRS"]
[Result "0-1"]
[WhiteElo "1917"]
[BlackElo "2601"]
[PlyCount "126"]

{Pierwszy i jedyny raz w zyciu gram partie z arcymistrzem w korespondencyjnie.
} 1. e4 d6 2. d4 Nf6 3. Nc3 g6 4. Nf3 Bg7 5. Be2 O-O 6. O-O c6 (6... Bg4 7. a4
Nc6 8. a5 a6 9. d5 Na7 10. Re1 c5 11. h3 Bxf3 12. Bxf3 Nb5 13. Ne2 Nd7 14. c3
Ne5 15. Ng3 Nxf3+ 16. Qxf3 e6 17. dxe6 fxe6 18. Qg4 Qd7 19. Be3 Qf7 20. Ne2
Rac8 21. Nf4 d5 22. Qxe6 d4 23. cxd4 Bxd4 24. Rab1 Rce8 25. Qd5 Qxd5 26. exd5
Rf5 {Anisimow,P-Lugowoj,A, Czigorin mem 2004 (1:0-59)}) 7. a4 Nbd7 8. a5 (8. h3
e5 9. dxe5 dxe5 10. Qd6 Ne8 11. Qa3 Nc7 12. Bg5 Bf6 13. Bxf6 Qxf6 14. a5 b5 15.
axb6 axb6 16. Qb4 Rxa1 17. Rxa1 b5 18. Rd1 Na6 19. Qd6 Qxd6 20. Rxd6 Nab8 21.
b4 Re8 22. Nd1 {remis - Ziukin,S-Komliakow,W, Erewan ol 1996}) 8... Qc7 9. h3 (
9. Re1 e5 10. Bf1 exd4 11. Nxd4 Re8 12. Bf4 Nh5 13. Be3 Nc5 14. f3 Bd7 15. Qd2
b5 16. axb6 axb6 17. Rad1 Red8 18. Bg5 Bf6 19. Bxf6 Nxf6 20. Qh6 Na4 21. Nxa4
Rxa4 22. c4 c5 23. Nc2 Ra2 24. Ne3 Be6 25. Rd2 Rda8 {
Rozentalis,E-Nyback,T, BL Werder Bremen - TV Tegernsee 2006 (remis-74)}) 9...
e5 10. dxe5 Nxe5 11. Nxe5 (11. Be3 Re8 12. Nxe5 Rxe5 13. Bf4 Rxa5 14. Qxd6 Qxd6
15. Bxd6 Rxa1 16. Rxa1 Be6 17. Be5 a6 18. Rd1 g5 19. h4 g4 20. f4 gxf3 21. gxf3
Nh5 22. Bxg7 Kxg7 23. Kf2 Kf6 24. Rg1 h6 25. Ke3 Ke5 26. Bd3 f5 {
Zarnicki,P-Ginzburg,Ma, Argentina ch Buenos Aires 1998 (remis-35)}) 11... dxe5
12. Qd3 (12. Bc4 Re8 13. Be3 Be6 14. Bxe6 Rxe6 15. Qe2 Ree8 16. Qc4 Qc8 17.
Rfd1 Nd7 18. Rd2 Nf8 19. Rad1 Bf6 20. b4 Qe6 21. Qxe6 Nxe6 22. Rd7 Re7 23. Na4
b6 24. axb6 axb6 25. Nxb6 Rxd7 26. Rxd7 Kg7 27. Nxa8 {
1:0 - Costa,F-Jongman,R, email ch M178 2002}) 12... Be6 13. Qg3 Nd7 (13... b5
14. axb6 axb6 15. Be3 b5 16. Bc5 Rfd8 $11) 14. Rd1 b5 15. axb6 axb6 16. Be3 b5
17. Bd3 Qb7 18. b3 Rxa1 19. Rxa1 Ra8 20. Rd1 (20. Rxa8+ Qxa8 21. Ne2 Qa1+ 22.
Kh2 Qd1 23. Nc3 Qe1 24. Ne2 b4 $15) 20... Bf8 21. Ne2 Qb8 22. f4 (22. Nc1 b4
23. Be2 Nc5 24. Bf3 h6 25. h4 $11) 22... exf4 23. Qxf4 (23. Bxf4 Qb6+ 24. Kh1
b4 25. Be3 Bc5 26. Bf4 Bf2 27. Qf3 f6 $11) 23... Bd6 24. Qh4 Qc7 25. Nf4 (25.
Nd4 Nc5 26. Rf1 Be5 27. Nf3 Nxd3 28. cxd3 Bxb3 29. Nxe5 Qxe5 30. d4 $11 {
na taki wariant z arcymistrzem bym nie rzykowal}) 25... Nf8 26. Ne2 $11 {
jestem zdziwiony jeszcze rowna pozycja} Bd7 27. Rf1 Ne6 28. Qf2 Bc8 29. Nd4
Bh2+ 30. Kh1 Bg3 31. Qd2 Bd7 32. Nxe6 (32. c3 Qd6 33. b4 Be5 34. Nf3 Bg7 $11)
32... Bxe6 33. Bd4 Be5 34. Qc3 Bxd4 35. Qxd4 c5 (35... Qg3 36. Rf3 Qg5 37. Qc3
$11) 36. Qf6 c4 37. bxc4 Bxc4 38. e5 Bxd3 39. cxd3 Qd7 40. d4 Qd5 {punkt f7}
41. Rf2 Rb8 42. Qf4 Rd8 43. Kh2 b4 44. h4 (44. Rd2 Rc8 45. Qf1 b3 46. Qd3 h6
$11) 44... Rd7 45. Qf6 {z propozycja remisu, ale zrozumiale, ze nie przyjety,
i zrozumiale, ze wolny pion b4 jest duzym atutem} Qe6 46. Qf4 h5 47. Rd2 b3 48.
Qe3 Qb6 (48... f6 49. Rb2 fxe5 50. dxe5 Rb7 51. Qg5 $11) 49. Qc3 Rc7 50. Qb2
Rc4 51. Rd3 (51. d5 $4 Rxh4+) 51... Qd8 52. Kh3 $6 (52. Qf2 Rb4 53. Rd2 Qd5 $17
) 52... Qd7+ 53. Kh2 Qg4 {po tym posunieciu, juz wiedzialem ,ze pozycji nie
utrzymam, on arcymistrz, ja jakis tam....} 54. Qf2 Rb4 55. Rd2 Qe4 56. Kh3 Qb7
57. Rb2 Qd5 58. Rd2 Ra4 59. Rd3 Qc4 60. Rd1 Ra2 61. Qf1 Qe6+ 62. Kh2 Qg4 63. d5
Rxg2+ {i stalo sie...  Mialem przyjemnosc grac na 1-szej desce Four Towers w
Lidze ICCF!  Zrobilem 5 remisow.  Druzyna "Fours Towers" (4 Wieze) - 5-te m-ce,
na 11 druzyn} 0-1

[Event "email TT 060 FIGCS (Sternik,R)"]
[Site "?"]
[Date "2008.??.??"]
[Round "?"]
[White "Sternik, Ryszard POL"]
[Black "Parmet, Daniel USA"]
[Result "1-0"]
[WhiteElo "1778"]
[BlackElo "1728"]
[PlyCount "35"]

1. e4 e5 2. Nf3 Nc6 3. Bc4 Bc5 4. b4 Bxb4 5. c3 Ba5 (5... Be7 6. Qb3 Nh6 7. d4
Na5 8. Qb5 Nxc4 9. Bxh6 gxh6 10. Qxc4 exd4 11. cxd4 d6 12. O-O Bf6 $2 13. Re1
O-O 14. Nc3 c6 15. Rab1 Qa5 16. Re3 Rd8 17. h3 Rb8 18. e5 Be6 19. Qe2 dxe5 20.
Nxe5 $1 Bg7 {Krzyzanowski,A-Glowacz, corr 1993 (1:0-32)}) 6. d4 Bb6 {
szkolny blad} (6... exd4 7. O-O Nge7 8. Ng5 d5 9. exd5 Ne5 10. Bb3 O-O 11. cxd4
Ng4 12. Qf3 Nf6 13. Ba3 h6 14. Ne4 Nxe4 15. Qxe4 Re8 16. Bb2 Nf5 17. Qf4 Bb4
18. Na3 Bd6 19. Qd2 Qh4 20. g3 Qh3 21. Nc4 b5 22. Ne5 Bb7 {
Moroziewicz,A-Adams,M, Corus it 2001 (0:1-27)}) 7. dxe5 Nge7 (7... h6 8. Qd5
Qe7 9. Ba3 Qe6 10. Qd3 Nxe5 11. Nxe5 Qxe5 12. f4 Qh5 13. Nd2 d6 14. Bb5+ Bd7
15. Bxd7+ Kxd7 16. e5 Re8 17. Nf3 Qg4 18. g3 Kc8 19. O-O-O dxe5 20. Nxe5 Qe6
21. f5 Be3+ 22. Kb1 Qb6+ 23. Bb4 Nf6 {
Tartakower,S-Chajes,O, Karlsbad 1923 (1:0-40)}) 8. Ba3 O-O 9. O-O h6 10. Qd2
Na5 $2 (10... g5 11. Bb3 Re8 12. c4 Ba5 13. Qe3 $14) 11. Bb3 Re8 12. c4 a6 13.
Nc3 Nac6 14. c5 Ba5 15. Bb2 Ng6 16. Rad1 Ncxe5 17. Nxe5 Nxe5 18. f4 {partner pr
zekroczyl czas, ale biale maja przewage na 0.60.  Wyniki:  1-2.Gary,G AUS     
4,5 z 6 2098  Hase,P CZE             4,5       2090  3-4.Wolf,B GER       4   
1631  Sternik,R                   4          1778} 1-0

[Event "email TT-51 FIGCS (Sternik,R)"]
[Site "?"]
[Date "2008.??.??"]
[Round "?"]
[White "Sternik, Ryszard POL"]
[Black "Parmet, Daniel USA"]
[Result "1/2-1/2"]
[WhiteElo "1853"]
[BlackElo "1595"]
[PlyCount "55"]

1. f4 e5 2. fxe5 d6 3. exd6 Bxd6 4. Nf3 g5 5. g3 g4 6. Nh4 Ne7 7. d4 Ng6 8. Ng2
Nc6 9. c3 h5 10. Qd3 (10. e4 h4 11. e5 Be7 12. Bc4 hxg3 13. Rf1 gxh2 14. Bxf7+
Kf8 15. Bxg6+ Kg7 16. Rh1 Kxg6 17. Qd3+ Kg7 18. Nf4 Rh6 {
Gretencord,U-Radelski,W, email DESC S034 2001 (0:1-27)}) 10... h4 11. Nf4 (11.
Rg1 hxg3 12. hxg3 Qf6 13. Nd2 Bf5 14. e4 Be6 15. Qe3 O-O-O 16. Be2 Rh3 17. e5
Ncxe5 18. dxe5 Bxe5 19. Ne4 Qf5 20. Rf1 Qh5 21. Qxa7 Bd5 22. Bg5 Bxg3+ 23. Nxg3
Qxg5 24. Rd1 c6 25. Ne4 Qe7 26. Nc5 {
1:0 - Legkij,N-Gogichaiszwili,G, USRR ch Armii 1991}) 11... Qf6 $6 (11... Nxf4
12. Bxf4 Bxf4 13. gxf4 Qd6 14. e3 f5 $14) 12. Nxg6 fxg6 $6 (12... Qxg6 13. Qxg6
fxg6 14. gxh4 Rxh4 15. Bg2 Bxh2 16. e4 $16 {0.91}) 13. Bg2 hxg3 14. hxg3 Rxh1+
15. Bxh1 Bf5 $6 (15... Ne7 16. Nd2 Qh8 17. Bg2 Qh2 18. Kf2 $18) 16. Bxc6+ $2 (
16. e4 Be6 17. e5 Nxe5 18. dxe5 Qxe5+ 19. Qe2 Qxg3+ 20. Kd1 $18) 16... bxc6 17.
e4 Qe6 18. Nd2 g5 19. Kf2 Bg6 20. Qc4 Qf6+ 21. Kg1 $2 {
to posuniecie zadecydowalo} (21. Kg2 Bxe4+ 22. Nxe4 Qf3+ 23. Kg1 Qxe4 24. Bxg5
Kd7 25. Qf7+ Kc8 26. Rf1 Bxg3 27. Qf5+ Qxf5 28. Rxf5 {i chyba jest wygrana})
21... Bxg3 22. Qe2 Bf4 23. Nb3 g3 24. Nc5 Qh8 25. Bxf4 gxf4 26. Rf1 f3 27. Rxf3
Bh5 28. Qa6 {wyniki:  1-2.Parmet,D, USA, Sternik,R po 5 z 6  3.Janse,J, RPA   
4  tu niestety dwoch sie wycofalo, co niestety jest czeste w tematycznych
FICGS} 1/2-1/2